000 00429nam a22001697a 4500
003 NUST - PNEC
005 20170116180847.0
008 150824b xxu||||| |||| 00| 0 eng d
020 _a8120322584
040 _cLIBRARY
082 _a572.8 BER
100 _95501
_aBergeron, Bryan
245 _aBioinformatics computing
_cBryan Bergeron
260 _cc.2003
650 _95505
_aBioinformatics
_xME / General
942 _2ddc
_cBK
999 _c64492
_d64492